01318nam a2200169Ia 4500001001300000003001000013008004100023040002500064041000700089100002200096245007700118250001100195260003600206300001200242500084400254650005001098b5671-38311 IT-MiCISF161014s9999||||xx |||||||||||||| ||und|| aIT-MiCISFcIT-MiCISF ait aPilloni Francesco 0aDanza nuzialebItinerario teologico e catechistico per coppie e famiglie a1a ed. a Cantalupa (TO)bEffatàc2003 app. 207 acontiene cd-rom / pastorale-familiare, ministero-coniugale, spiritualità-coniugale / Il testo si propone di fornire una sintesi teologico pastorale sul sacramento del matrimonio nel contesto di una teologia nuziale, da cui vengono sviluppate linee catechetiche e di approfondimento per operatori di pastorale, gruppi di coppie, corsi prematrimoniali, ecc. Sulla base dell'itinerario teologico, che sistematizza i contenuti, si innestano nove schede che utilizzano come filo conduttore un'icona che illustra il mistero nuziale. Ogni scheda propone quindi una spunto visivo, un approfondimento teologico seguito da uno schema riassuntivo, domande per la meditazione e una preghiera finale. Al volume è allegato un utilissimo CD Rom, che riporta i contenuto del volume in una presentazione multimediale, con diapositive digitali animate.  a Temi di pastorale / pastorale-familiaree012